Normal view
MARC view
Entry Personal Name
001 - CONTROL NUMBER
- control field: 972902
003 - CONTROL NUMBER IDENTIFIER
- control field: OSt
005 - DATE AND TIME OF LATEST TRANSACTION
- control field: 20260121114252.0
008 - FIXED-LENGTH DATA ELEMENTS
- fixed length control field: 260121|| aca||aabn | a|a d
040 ## - CATALOGING SOURCE
- Original cataloging agency: OSt
- Transcribing agency: OSt
100 ## - HEADING--PERSONAL NAME
- Personal name: William Panek
670 ## - SOURCE DATA FOUND
- Source citation: Work cat.: (OSt)1552156: William Panek, MCSA Windows Server 2016 Complete Study Guide - Exam 70-740, Exam 70-741, Exam 70-742, and Exam70-743, 2nd Edition
